Computer Science OCR Unit 1.4 Networks - CS - COPY - Statistics

General Stats
  • This quiz has been taken 216 times
  • The average score is 9 of 18
Answer Stats
Hint Answer % Correct
www world wide web
90%
ocr.org.uk is Domain name
78%
Worldwide collection of computers Internet
73%
VPN Virtual Private Network
73%
234.123.43.42 IP Address
59%
Set of rules which govern sharing of data across a network, P Protocol
58%
http hypertext transfer protocol
55%
Networking device that forwards data packets between computers, R Router
55%
NIC Network interface card
54%
DNS Domain Name Server
52%
Set of rules governing connection of computer systems to Internet, T__/__ TCP/IP
49%
Software controlled network access (VN) Virtual network
48%
WAP Wireless access point
43%
A P_____ holds control information and user data, AKA the payload packet
39%
URL Uniform Resource Locator
31%
Network of remote servers hosted on the Internet to store, manage, process data, C Cloud
29%
Allows individuals and organisations to make their website accessible via the WWW through the H______ of files Hosting
22%
So others can see your web site place it on a web server to be H hosted
21%
No matching quizzes found
Score Distribution
Percent of People with Each Score
Percentile by Number Answered
Your Score History
You have not taken this quiz